000 00723nac a22002051u 4500
010 _a 94043946
020 _a0131814621
082 0 0 _a696
_bD127
090 _c4104
_d4104
100 _aDagostino, Frank R.
245 1 0 _aMechanical and electrical systems in construction and architecture /
_cFrank R. Dagostino.
250 _a3rd ed.
260 _aEnglewood Cliffs, N.J. :
_bPrentice Hall,
_cc1995.
300 _axv, 463 p. :
_bill. ;
_c29 cm.
500 _aIncludes index.
650 0 _aBuildings
_xMechanical equipment.
650 0 _aBuildings
_xElectric equipment.
942 _cBB
_k696D127
999 _c4104
_d4104